<?xml version="1.0" encoding="UTF-8"?>
<record
    xmlns:xsi="http://www.w3.org/2001/XMLSchema-instance"
    xsi:schemaLocation="http://www.loc.gov/MARC21/slim http://www.loc.gov/standards/marcxml/schema/MARC21slim.xsd"
    xmlns="http://www.loc.gov/MARC21/slim">

  <leader>01372nam a2200193 a 4500</leader>
  <controlfield tag="008">161215t1999    sp  |||g |||| 001 f spa d</controlfield>
  <datafield tag="020" ind1=" " ind2=" ">
    <subfield code="a">840101218X</subfield>
  </datafield>
  <datafield tag="041" ind1=" " ind2=" ">
    <subfield code="a">spa</subfield>
  </datafield>
  <datafield tag="092" ind1=" " ind2=" ">
    <subfield code="c">808</subfield>
    <subfield code="l">34</subfield>
    <subfield code="s">HIG</subfield>
  </datafield>
  <datafield tag="100" ind1="1" ind2=" ">
    <subfield code="a">Higgins Clark, Mary.</subfield>
    <subfield code="9">4338</subfield>
  </datafield>
  <datafield tag="245" ind1=" " ind2=" ">
    <subfield code="a">Por siempre m&#xED;a /</subfield>
    <subfield code="c">Mary Higgins Clark</subfield>
  </datafield>
  <datafield tag="250" ind1=" " ind2=" ">
    <subfield code="a">1a ed.</subfield>
    <subfield code="b">Traducci&#xF3;n Silvia Komet</subfield>
  </datafield>
  <datafield tag="260" ind1=" " ind2=" ">
    <subfield code="a">Barcelona:</subfield>
    <subfield code="b">Plaza &amp; Janes;</subfield>
    <subfield code="c">1999.</subfield>
  </datafield>
  <datafield tag="300" ind1=" " ind2=" ">
    <subfield code="a">258 p.</subfield>
  </datafield>
  <datafield tag="500" ind1=" " ind2=" ">
    <subfield code="a">Higgins Clark, M. (1999). Por siempre m&#xED;a. (1a ed.). Barcelona : Plaza &amp; Janes.</subfield>
  </datafield>
  <datafield tag="505" ind1=" " ind2=" ">
    <subfield code="a">Una serie de mujeres desaparecidas en extra&#xF1;as circunstancias tienen un elemento en com&#xFA;n: todas han recibido, de un admirador misterioso, un anillo con las palabras por siempre m&#xED;a grabadas en su interior. La psic&#xF3;loga Susan Chandler entrevista en su programa de televisi&#xF3;n al autor del libro sobre mujeres desaparecidas y a partir de entonces una serie de cabos sueltos van perfilando una terrible sospecha: &#xBF;acaso se trata de un asesino en serie? Sin embargo, lo que la doctora Susan ignora es que el psic&#xF3;pata se encuentra mucho m&#xE1;s cerca de lo que cree, precisamente entre sus numerosos admiradores, y que no est&#xE1; dispuesta a permitir que nadie estropee sus macabros designios... Una nueva y sobrecogedora novela de la reina de la intriga, que atrapa al lector desde la primera p&#xE1;gina.  </subfield>
  </datafield>
  <datafield tag="655" ind1=" " ind2=" ">
    <subfield code="a">Novela</subfield>
    <subfield code="9">3091</subfield>
  </datafield>
  <datafield tag="942" ind1=" " ind2=" ">
    <subfield code="2">ddc</subfield>
    <subfield code="c">LIT</subfield>
  </datafield>
  <datafield tag="999" ind1=" " ind2=" ">
    <subfield code="c">3290</subfield>
    <subfield code="d">3290</subfield>
  </datafield>
  <datafield tag="952" ind1=" " ind2=" ">
    <subfield code="0">0</subfield>
    <subfield code="1">0</subfield>
    <subfield code="2">ddc</subfield>
    <subfield code="4">0</subfield>
    <subfield code="7">0</subfield>
    <subfield code="a">BFM</subfield>
    <subfield code="b">BFM</subfield>
    <subfield code="c">CR</subfield>
    <subfield code="d">2025-07-25</subfield>
    <subfield code="e">Donaci&#xF3;n Navarro, Adriana. Julio 2025</subfield>
    <subfield code="l">0</subfield>
    <subfield code="o">808 34 HIG</subfield>
    <subfield code="p">5065</subfield>
    <subfield code="r">2025-07-25</subfield>
    <subfield code="t">Ej. 1</subfield>
    <subfield code="w">2025-07-25</subfield>
    <subfield code="y">LIT</subfield>
    <subfield code="z">Donaci&#xF3;n Navarro, Adriana. Julio 2025. Sede Tordos.</subfield>
    <subfield code="f"></subfield>
  </datafield>
</record>
